000 00261nam a2200109Ia 4500
008 220204s9999 xx 000 0 und d
082 _a82-3
_bCOW
100 _aCowasjee, S
245 0 _aNude therapy
260 _aNew Delhi
_bOrient Paperbacks
_c1978
942 _cBK
999 _c28794
_d28794